000
00247nam a2200097Ia 4500
008
230508s1999 xx 000 0 und d
041
_a
eng
100
_a
MULLIN & SMITH
245
_a
ELECTRICAL WIRING COMMERCIAL 10TH ED
260
_b
DELMAR PUB
_c
1999
999
_c
723106
_d
723106